000 00327nam a22001337a 4500
008 250404b |||||||| |||| 00| 0 eng d
020 _a9789352692125
050 _aHJ101
_b.S53
100 _aSHARMA Sandeep
245 _aPublic Finance System
260 _aNew Delhi
_bRandom Publications
_c2019
300 _a265p.
942 _cBK
999 _c2887
_d2887